000 00269nam a2200109Ia 4500
001 1263258
005 20260417141900.0
008 260417s9999 xx 000 0 und d
020 _a9786253690830
245 0 _aGörevimiz Felsefe
_cSara Gomel
260 _bEverest Çocuk
999 _c1263258
_d1263258